000 00430pab a2200157 454500
008 180718b2014 xxu||||| |||| 00| 0 eng d
100 _aJahr, Michael
245 _aA hybrid approach to quantitative software project scheduling within agile frameworks
260 _c2014
300 _ap.35-45.
362 _aJun-Jul
650 _aProject management
773 _aProject Management Journal
908 _aN
909 _a105059
999 _c105054
_d105054